01506nam a2200241Ia 4500001000600000003000900006008004100015040001300056040001300069041001300082100002200095100002900117245003300146245007900179250001100258260001100269260002300280260004900303300005900352500077900411650004301190650003101233B3286IT-RoPAU130308s9999 xx 000 0 und d aIT-RoPAU cIT-RoPAU aITALIANO aAbruzzese Alberto gCodice Aut. SPICS: 10106 aMorte e il cinema in tv (La) bFelicita' Eterna (La)-La rappresentazione della Morte nella tv e Nei Media a1a ed. aTORINO bERI - Edizioni Rai c1992 [1° Ed.:1992 - Ed.Ling.Originale:1992] a"48 p. (prefazione: no ; testo: 48 [pagine: 165-212])" aMorte e Media. Paura della Morte e Paura della Vita. Schermo, Attore e Divo: Morte del Teatro, dell'attore e di Dio. Due Dimensioni del Fantastico: Come Lo Stesso Genere Abbia Due Modi di intendere Il Rapporto tra Vita e Morte. Morte del Cinema e Morte della Televisione. Cinema, Film, Telefilm, Serie, Clip, spot di Fronte Alla Morte del Senso e Alla Morte del Soggetto. Dallo Zapping del produttore Allo Zapping del Consumatore. Diverse soluzioni del Racconto e del Conflitto: Modelli Esemplari della Morte, del Lutto e dei Suoi Riti. Morte in Campo. Morte Sentimentale. Morte Eroica. Morte Tragica. Morte Meritata. Morte Collettiva. Morte in Diretta. Morte Simulata. Finzioni & Funzioni. Elaborazione del Lutto. Morte Sociale. Morte Come Ornamento. riti di Rigenerazione. aSOCIOLOGIA DELLA COMUNICAZIONE SOCIALE eCodice materia Spics: 3806